000 00354nam a22001217a 4500
005 20250821091336.0
008 250821b |||||||| |||| 00| 0 eng d
082 _a005
_bPAI-W
100 _aPaik, Lemos, Barukh, Benatallah, and Natarajan
245 _aWeb Service Implementation and Composition Techniques
650 _aComputer Science & IT
999 _c37049
_d37049